Statistiken für Alle Afrikaner, die für Borussia Dortmund gespielt haben

Klicken Sie hier um das Quiz zu spielen!

Allgemein

  • Dieses Quiz wurde 172 mal gespielt
    (79 seit der letzten Aktualisierung)
  • Das Durchschnittsergebnis liegt bei 7 aus 22

Antwortstatistiken

Ligaspiele
(Tore)
ZeitNationAntwort% Korrekt
144 (98)2013-2018Gabun**Pierre-Emerick Aubameyang
100%
21 (8)2022- offenElfenbeinküste**Sebastian Haller
81%
2 (0)2023- offenAlgerienRamy Bensebaini
78%
54 (7)2018-2020MarokkoAschraf Hakimi
74%
66 (13)2008-2012ÄgyptenMohamed Zidan
67%
75 (11)1999-2005Ghana*Otto Addo
48%
25 (0)2006-2007SüdafrikaSteven Pienaar
37%
62 (1)2005-2009Südafrika*Delron Buckley
30%
10 (0)2009Ghana*Kevin-Prince Boateng
29%
53 (1)2000-2005NigeriaSunday Oliseh
27%
30 (3)1999-2002NigeriaVictor Ikpeba
27%
33 (0)2001-2005ElfenbeinküsteGuy Demel
23%
26 (5)1998-1999Togo*Bachirou Salou
21%
52 (3)1994-2000Ghana*Ibrahim Tanko
21%
17 (0)2005-2007GhanaMatthew Amoah
21%
56 (3)2001-2005Algerien**Ahmed Madouni
19%
11 (0)2005-2007DR KongoKosi Saka
8%
8 (0)1996-2002GhanaBashiru Gambo
5%
3 (0)2015Tunesien*Jeremy Dudziak
4%
5 (0)1994-1997GhanaMallam Yahaya
4%
2 (0)2007-2008KamerunPatrick Njambe
3%
9 (0)1994-1995Südafrika*Marc Arnold
1%

Verteilung der Resultate

Perzentil nach korrekt beantworteten Fragen

Anzahl Personen mit jedem Resultat

Ihre Resultats-Entwicklung

Sie haben dieses Quiz seit der letzten Aktualisierung nicht gespielt